000 01604nam a2200229 a 4500
008 120416s1978 ||||||||||||||||| || u
050 _aHF 5415 Sta
100 _aStanton, William J
245 1 0 _aFundamentals of marketing
250 _a5th. ed.
260 _aTokyo
_bMacGraw-Hill Kogakusha
_c(1978)
300 _axvii, 636p.
350 _a0.00
995 _aMAIN LIBRARY OPEN ACCESS
_D0.00
_e701260
_FCBU-MAIN LIBRARY (Kitwe)
_H8
_I0.00
_jHF 5415 Sta
_M3
_UAVAILABLE
_y000424
_ZMain Library Open Access Collection
995 _aANNEX COLLECTION (Main Library)
_D0.00
_e701268
_FCBU-MAIN LIBRARY (Kitwe)
_H4
_I0.00
_jHF 5415 Sta
_M1
_UAVAILABLE
_y000422
_ZAnnex Low-Usage Collection
995 _aANNEX COLLECTION (Main Library)
_D0.00
_e701267
_FCBU-MAIN LIBRARY (Kitwe)
_H3
_I0.00
_jHF 5415 Sta
_M5
_UAVAILABLE
_y000426
_ZAnnex Low-Usage Collection
995 _aBINDERY (DAMAGED)
_D0.00
_e701272
_FCBU-MAIN LIBRARY (Kitwe)
_H6
_I0.00
_jHF 5415 Sta
_M2
_UDAMAGED
_y000423
_ZMain Library Open Access Collection
995 _aMAIN LIBRARY OPEN ACCESS
_D0.00
_e702857
_FCBU-MAIN LIBRARY (Kitwe)
_H5
_I0.00
_jHF 5415 Sta
_M4
_UAVAILABLE
_y000425
_ZMain Library Open Access Collection
995 _aTEXTBOOKS (SB)
_D0.00
_e01099
_FCBU-SCHOOL TEXTBOOK COLLECTIONS
_H1
_I0.00
_jSCHOOL TEXTBOOK
_M9
_UAVAILABLE
_WSep 18, 2009
_y01099
_ZSchool Collections
995 _aBINDERY (DAMAGED)
_D0.00
_e701265
_FCBU-MAIN LIBRARY (Kitwe)
_H2
_I0.00
_jHF 5415 Sta
_M6
_UDAMAGED
_y000427
_ZMain Library Open Access Collection
995 _aBINDERY (DAMAGED)
_D0.00
_e700718
_FCBU-MAIN LIBRARY (Kitwe)
_H7
_I0.00
_jHF 5415 Sta
_M7
_UDAMAGED
_y000428
_ZMain Library Open Access Collection
999 _c63363
_d63363